Arancha Goyeneche (Record no. 14203)

MARC details
000 - LÍDER
campo de control de longitud fija 01071nam a2200229Ia 4500
008 - ELEMENTOS DE DATOS DE LONGITUD FIJA - INFORMACIÓN GENERAL
campo de control de longitud fija 0000002005 sp a 0000000000spa00
020 ## - INTERNATIONAL STANDARD BOOK NUMBER
International Standard Book Number 8488285604
090 ## - NÚMERO DE LLAMADA DE TIPO LC LOCALMENTE ASIGNADO (OCLC)
Número de clasificación (OCLC) (R) PSP00 P66a
100 1# - ENTRADA PRINCIPAL - NOMBRE PERSONAL
Nombre de la persona Poole Quintana, Belén
245 10 - TÍTULO DECLARACIÓN
Título Arancha Goyeneche
Resto del título : pintar la impresión
Declaración de responsabilidad / textos Belén Poole Quintana, Isabel Portilla Arroyo ; fotografías Belén Pereda, Gelo Bustamante
260 ## - PUBLICACIÓN, DISTRIBUCIÓN
Lugar de publicación Santander, España : Museo de Bellas Artes de Santander
Fecha de publicación 2005
300 ## - DESCRIPCIÓN FÍSICA
Alcance 44 p.
Dimensiones / 24 cm.
500 ## - NOTA GENERAL
Nota general Exposición realizada en el Museo de Bellas Artes de Santander entre mayo 6 al 18 de junio de 2005 \ Incluye datos biográficos y cronología artística \ Donación de Carlos Jiménez, 2012
600 00 - ENTRADA DE SUJETO AÑADIDO - NOMBRE PERSONAL
Nombre de la persona GOYENECHE, ARANCHA, 1967/
Subdivisión general TRABAJOS PICTORICOS \ GOYENECHE, ARANCHA, 1967/
-- TRABAJOS ARTISTICOS
650 14 - ENTRADA DE SUJETO AÑADIDO - TÉRMINO TÓPICO
Término tópico o elemento de entrada del nombre geográfico PINTURA ESPAÑOLA
650 14 - ENTRADA DE SUJETO AÑADIDO - TÉRMINO TÓPICO
Término tópico o elemento de entrada del nombre geográfico ARTE CONTEMPORANEO ESPAÑOL
650 14 - ENTRADA DE SUJETO AÑADIDO - TÉRMINO TÓPICO
Término tópico o elemento de entrada del nombre geográfico ARTISTAS PLASTICOS ESPAÑOLES
650 14 - ENTRADA DE SUJETO AÑADIDO - TÉRMINO TÓPICO
Subdivisión general CATALOGOS
650 14 - ENTRADA DE SUJETO AÑADIDO - TÉRMINO TÓPICO
Subdivisión general EXPOSICIONES
650 14 - ENTRADA DE SUJETO AÑADIDO - TÉRMINO TÓPICO
Término tópico o elemento de entrada del nombre geográfico FOTOGRAFIA Y PINTURA
700 1# - ENTRADA AGREGADA - NOMBRE PERSONAL
Nombre de la persona Portilla Arroyo, Isabel
Holdings
Estado de retirada Pérdida de estatus Estado dañado No para préstamo Código de recogida Ubicación permanente Ubicación actual Ubicación de las estanterías Fecha de adquisición Número de llamada completo Código de barras Fecha de la última vez que se vio Número de copia Precio efectivo desde Tipo de artículo Koha
        General ArtNexus ArtNexus General 06/09/2022 P-SP-00 P66A 14388 06/09/2022 Ej.1 06/09/2022 Libro

Powered by Koha